Rainwater catchment, status and research priorities in the Southeastern Asian region : proceedings of the regional seminar and workshop held in Khon Kaen, Thailand, 29 November to 3 December 1983.
Guardado en:
| Autor Corporativo: | |
|---|---|
| Formato: | Libro |
| Idioma: | English |
| Publicado: |
Ottawa :
IDRC,
1986.
|
| Series: | IDRC ;
127e |
| Acceso en línea: | Texto completo |
| Etiquetas: |
Agregar Etiqueta
Sin Etiquetas, Sea el primero en etiquetar este registro!
|
| LEADER | 00711nam a22001575a 4500 | ||
|---|---|---|---|
| 001 | EEA.libagro003993 | ||
| 005 | 20190426130906.0 | ||
| 008 | 130809s1986####xxca##########000#0#eng#d | ||
| 082 | 0 | 4 | |a 628.13 |
| 245 | 1 | 0 | |a Rainwater catchment, status and research priorities in the Southeastern Asian region : |b proceedings of the regional seminar and workshop held in Khon Kaen, Thailand, 29 November to 3 December 1983. |
| 260 | |a Ottawa : |b IDRC, |c 1986. | ||
| 300 | |a 246 p. : |b il. ; |c 28 cm. | ||
| 490 | 1 | |a IDRC ; |v 127e | |
| 710 | 2 | |a International Development Research Centre (Canada) | |
| 856 | |u http://www.ircwash.org/sites/default/files/213.0-86RA-2026.pdf |3 Texto completo | ||
| 859 | |a AR-BbBCA |b BIB. AGRONOMIA |h 628.13 |i R159 |p 1988/1231 | ||
